000 00302nam a22001337a 4500
008 171019b xxu||||| |||| 00| 0 eng d
020 _a9780898154290
041 _aeng
080 _a338
100 _a53
101 _aMEN
245 _aTHEY SHOOT MANAGERS DON'T THEY?
_cPAULSON,T.L
942 _2udc
_cBK
999 _c34922
_d34922